[Event "World Chess Olympiad 2018"]
[Site "Batumi"]
[Date "2018.10.05"]
[Round "11"]
[Board "4"]
[WhiteFideId "10000259"]
[White "Kantinti Shadrack"]
[BlackFideId "11700947"]
[Black "Kanz Ahmad Safy"]
[Result "0-1"]
[LiveChessVersion "1.4.8"]
[BlackElo "1826"]
[WhiteElo "2039"]

1. e4 {[%clk 1:30:56]} c5 {[%clk 1:30:48]} 2. Nf3 {[%clk 1:31:22]} d6
{[%clk 1:31:12]} 3. d4 {[%clk 1:31:47]} cxd4 {[%clk 1:31:37]} 4. Nxd4
{[%clk 1:32:14]} Nf6 {[%clk 1:31:57]} 5. Nc3 {[%clk 1:32:39]} a6 {[%clk 1:32:17]}
6. Bg5 {[%clk 1:32:59]} Nbd7 {[%clk 1:32:11]} 7. Be2 {[%clk 1:29:09]} Qb6
{[%clk 1:27:50]} 8. a3 {[%clk 1:26:17]} e6 {[%clk 1:22:32]} 9. Be3
{[%clk 1:22:57]} Qc7 {[%clk 1:22:37]} 10. f4 {[%clk 1:20:40]} e5 {[%clk 1:20:11]}
11. Nb3 {[%clk 1:19:24]} b5 {[%clk 1:18:28]} 12. f5 {[%clk 1:18:37]} Bb7
{[%clk 1:18:16]} 13. Bf3 {[%clk 1:18:42]} Be7 {[%clk 1:17:31]} 14. g4
{[%clk 1:09:47]} h6 {[%clk 1:14:08]} 15. h4 {[%clk 1:07:50]} Nb6 {[%clk 1:10:37]}
16. Bxb6 {[%clk 0:59:24]} Qxb6 {[%clk 1:10:45]} 17. Qd2 {[%clk 0:58:26]} a5
{[%clk 1:07:01]} 18. Qe2 {[%clk 0:34:27]} b4 {[%clk 1:01:15]} 19. axb4
{[%clk 0:30:24]} axb4 {[%clk 1:01:13]} 20. Rxa8+ {[%clk 0:28:52]} Bxa8
{[%clk 1:01:36]} 21. Nd1 {[%clk 0:25:43]} Qc6 {[%clk 0:57:13]} 22. Na5
{[%clk 0:17:56]} Qb6 {[%clk 0:52:29]} 23. Nc4 {[%clk 0:16:52]} Qd4
{[%clk 0:48:49]} 24. c3 {[%clk 0:10:22]} bxc3 {[%clk 0:47:43]} 25. Nxc3
{[%clk 0:09:17]} Nd7 {[%clk 0:44:34]} 26. Ne3 {[%clk 0:03:49]} O-O
{[%clk 0:42:20]} 27. Ned5 {[%clk 0:02:25]} Bd8 {[%clk 0:41:23]} 28. Kf1
{[%clk 0:01:26]} Bb7 {[%clk 0:38:58]} 29. Kg2 {[%clk 0:01:29]} Nb6
{[%clk 0:38:13]} 30. Rd1 {[%clk 0:01:24]} Nxd5 {[%clk 0:38:18]} 31. Nxd5
{[%clk 0:01:02]} Qa4 {[%clk 0:37:55]} 32. Nc3 {[%clk 0:00:46]} Qc6
{[%clk 0:35:14]} 33. Kg3 {[%clk 0:01:05]} Qe8 {[%clk 0:31:41]} 34. Qh2
{[%clk 0:01:11]} Bb6 {[%clk 0:31:04]} 35. g5 {[%clk 0:00:42]} Be3
{[%clk 0:28:52]} 36. Kg2 {[%clk 0:00:51]} Qd8 {[%clk 0:23:01]} 37. gxh6
{[%clk 0:00:47]} Bf4 {[%clk 0:22:41]} 38. Qh3 {[%clk 0:00:57]} gxh6
{[%clk 0:22:41]} 39. Kh1 {[%clk 0:00:59]} Kh8 {[%clk 0:22:49]} 40. Rg1
{[%clk 0:30:50]} Qf6 {[%clk 0:47:54]} 41. Qg4 {[%clk 0:27:51]} Be3
{[%clk 0:47:12]} 42. Rg2 {[%clk 0:27:37]} Ra8 {[%clk 0:46:34]} 43. Kh2
{[%clk 0:22:40]} Kh7 {[%clk 0:43:06]} 44. Bd1 {[%clk 0:18:00]} Qh8
{[%clk 0:36:02]} 45. Qh5 {[%clk 0:15:56]} Qf6 {[%clk 0:33:43]} 46. Bb3
{[%clk 0:10:00]} Rf8 {[%clk 0:25:57]} 47. Bd5 {[%clk 0:09:16]} Ba6
{[%clk 0:26:05]} 48. Bb3 {[%clk 0:06:23]} Bf4+ {[%clk 0:23:46]} 49. Kh1
{[%clk 0:05:38]} Bf1 {[%clk 0:20:20]} 50. Rg1 {[%clk 0:03:49]} Bd3
{[%clk 0:20:03]} 51. Bd5 {[%clk 0:01:50]} Rb8 {[%clk 0:18:38]} 52. Qg4
{[%clk 0:01:41]} Rf8 {[%clk 0:15:34]} 53. Nd1 {[%clk 0:00:53]} Be2
{[%clk 0:14:05]} 54. Qh3 {[%clk 0:00:36]} h5 {[%clk 0:13:05]} 0-1

[Event "World Chess Olympiad 2018"]
[Site "Batumi"]
[Date "2018.10.05"]
[Round "11"]
[Board "1"]
[WhiteFideId "7300069"]
[White "Reyes Najera Carlos A."]
[BlackFideId "12300675"]
[Black "Kayastha Madan Krishna"]
[Result "1-0"]
[LiveChessVersion "1.4.8"]
[BlackElo "2077"]
[WhiteElo "2149"]

1. d4 {[%clk 1:30:57]} Nf6 {[%clk 1:29:51]} 2. Nf3 {[%clk 1:31:18]} e6
{[%clk 1:29:54]} 3. c4 {[%clk 1:31:38]} b6 {[%clk 1:30:07]} 4. a3
{[%clk 1:31:58]} Bb7 {[%clk 1:29:14]} 5. Nc3 {[%clk 1:32:23]} d5 {[%clk 1:28:55]}
6. cxd5 {[%clk 1:32:47]} exd5 {[%clk 1:29:13]} 7. Bg5 {[%clk 1:27:16]} Be7
{[%clk 1:23:02]} 8. e3 {[%clk 1:27:37]} O-O {[%clk 1:21:39]} 9. Rc1
{[%clk 1:24:28]} Ne4 {[%clk 1:11:41]} 10. Bxe7 {[%clk 1:22:11]} Qxe7
{[%clk 1:12:06]} 11. Qb3 {[%clk 1:18:40]} Rd8 {[%clk 1:05:09]} 12. Be2
{[%clk 1:13:30]} c5 {[%clk 1:05:03]} 13. dxc5 {[%clk 1:13:34]} bxc5
{[%clk 1:05:32]} 14. O-O {[%clk 1:12:40]} Na6 {[%clk 0:47:41]} 15. Rfd1
{[%clk 1:10:00]} c4 {[%clk 0:45:31]} 16. Qc2 {[%clk 1:08:09]} Nac5
{[%clk 0:45:35]} 17. Nb5 {[%clk 1:04:19]} Qf6 {[%clk 0:37:01]} 18. Bf1
{[%clk 1:01:50]} a6 {[%clk 0:36:26]} 19. Nbd4 {[%clk 1:01:14]} g5
{[%clk 0:32:26]} 20. Ne1 {[%clk 0:52:43]} g4 {[%clk 0:27:19]} 21. f3
{[%clk 0:45:02]} gxf3 {[%clk 0:27:06]} 22. gxf3 {[%clk 0:45:30]} Nd6
{[%clk 0:27:02]} 23. b4 {[%clk 0:41:49]} Ne6 {[%clk 0:26:32]} 24. Nxe6
{[%clk 0:40:47]} fxe6 {[%clk 0:26:48]} 25. Rd4 {[%clk 0:36:25]} Kh8
{[%clk 0:24:21]} 26. Rf4 {[%clk 0:35:08]} Rg8+ {[%clk 0:23:59]} 27. Bg2
{[%clk 0:35:27]} Qe5 {[%clk 0:23:51]} 28. Qc3 {[%clk 0:35:27]} Qxc3
{[%clk 0:23:39]} 29. Rxc3 {[%clk 0:35:50]} Nb5 {[%clk 0:24:03]} 30. Rc1
{[%clk 0:35:23]} Nxa3 {[%clk 0:24:22]} 31. Kf2 {[%clk 0:35:52]} Rgf8
{[%clk 0:23:36]} 32. Rh4 {[%clk 0:35:54]} e5 {[%clk 0:21:14]} 33. Rh5
{[%clk 0:34:33]} Rae8 {[%clk 0:20:59]} 34. Bh3 {[%clk 0:31:05]} d4
{[%clk 0:20:37]} 35. Bf5 {[%clk 0:30:26]} Re7 {[%clk 0:19:46]} 36. e4
{[%clk 0:30:24]} Rd8 {[%clk 0:19:10]} 37. Ra1 {[%clk 0:30:24]} Nb5
{[%clk 0:19:16]} 38. Ng2 {[%clk 0:30:49]} Rd6 {[%clk 0:13:29]} 39. Nh4
{[%clk 0:31:08]} Kg8 {[%clk 0:09:34]} 40. Rg1+ {[%clk 1:01:24]} Kf8
{[%clk 0:39:18]} 41. Bxh7 {[%clk 1:01:44]} Ke8 {[%clk 0:36:36]} 42. Nf5
{[%clk 1:01:57]} Rf6 {[%clk 0:35:45]} 43. Nxe7 {[%clk 1:01:31]} Kxe7
{[%clk 0:36:14]} 44. Rg7+ {[%clk 1:00:42]} Rf7 {[%clk 0:36:37]} 45. Rxe5+
{[%clk 1:01:03]} Kf8 {[%clk 0:37:06]} 46. Rg8# {[%clk 1:01:25]} 1-0

[Event "World Chess Olympiad 2018"]
[Site "Batumi"]
[Date "2018.10.05"]
[Round "11"]
[Board "2"]
[WhiteFideId "12303135"]
[White "Thing Bibek"]
[BlackFideId "7300662"]
[Black "Cu Hor Winston Darwin"]
[Result "1-0"]
[LiveChessVersion "1.4.8"]
[BlackElo "2319"]
[WhiteElo "2237"]

1. e4 {[%clk 1:29:27]} c5 {[%clk 1:30:44]} 2. Nf3 {[%clk 1:29:40]} d6
{[%clk 1:31:02]} 3. Bb5+ {[%clk 1:29:54]} Bd7 {[%clk 1:31:24]} 4. Bxd7+
{[%clk 1:30:16]} Qxd7 {[%clk 1:31:49]} 5. O-O {[%clk 1:30:30]} Nc6
{[%clk 1:32:05]} 6. Qe2 {[%clk 1:29:59]} e6 {[%clk 1:30:24]} 7. Rd1
{[%clk 1:29:49]} Nf6 {[%clk 1:29:50]} 8. b3 {[%clk 1:26:09]} Be7 {[%clk 1:26:10]}
9. Bb2 {[%clk 1:25:46]} O-O {[%clk 1:25:38]} 10. d4 {[%clk 1:25:08]} cxd4
{[%clk 1:25:51]} 11. Nxd4 {[%clk 1:25:23]} Nxd4 {[%clk 1:20:51]} 12. Bxd4
{[%clk 1:25:42]} Qc6 {[%clk 1:21:03]} 13. Nd2 {[%clk 1:12:41]} b5
{[%clk 1:13:54]} 14. Rac1 {[%clk 1:10:13]} Qb7 {[%clk 1:04:23]} 15. c4
{[%clk 1:07:10]} a6 {[%clk 1:01:42]} 16. f4 {[%clk 0:50:17]} bxc4
{[%clk 0:58:58]} 17. Bxf6 {[%clk 0:50:07]} Bxf6 {[%clk 0:59:08]} 18. Nxc4
{[%clk 0:50:24]} d5 {[%clk 0:59:26]} 19. exd5 {[%clk 0:46:02]} exd5
{[%clk 0:59:48]} 20. Ne3 {[%clk 0:45:46]} Rfe8 {[%clk 0:58:48]} 21. Qf2
{[%clk 0:45:35]} Rad8 {[%clk 0:54:58]} 22. Ng4 {[%clk 0:41:44]} Be7
{[%clk 0:54:36]} 23. Kh1 {[%clk 0:40:35]} Ba3 {[%clk 0:52:15]} 24. Rc2
{[%clk 0:39:50]} d4 {[%clk 0:49:47]} 25. h3 {[%clk 0:38:20]} Re4 {[%clk 0:42:48]}
26. Rc4 {[%clk 0:34:11]} Qd5 {[%clk 0:40:18]} 27. Ne5 {[%clk 0:24:35]} f6
{[%clk 0:35:50]} 28. Nc6 {[%clk 0:17:25]} Qh5 {[%clk 0:27:21]} 29. Qf3
{[%clk 0:15:56]} Rd5 {[%clk 0:27:08]} 30. Qxe4 {[%clk 0:13:17]} Qxd1+
{[%clk 0:27:30]} 31. Kh2 {[%clk 0:13:45]} Qh5 {[%clk 0:27:29]} 32. Ne7+
{[%clk 0:12:09]} Bxe7 {[%clk 0:24:33]} 33. Qxe7 {[%clk 0:12:29]} h6
{[%clk 0:24:38]} 34. Rc7 {[%clk 0:12:45]} 1-0

[Event "World Chess Olympiad 2018"]
[Site "Batumi"]
[Date "2018.10.05"]
[Round "11"]
[Board "3"]
[WhiteFideId "7300220"]
[White "Ortiz Q Johnny Alexander"]
[BlackFideId "12300870"]
[Black "Jaiswal Rupesh"]
[Result "1-0"]
[LiveChessVersion "1.4.8"]
[BlackElo "2165"]
[WhiteElo "2207"]

1. d4 {[%clk 1:30:56]} Nf6 {[%clk 1:30:46]} 2. g3 {[%clk 1:31:21]} g6
{[%clk 1:30:52]} 3. Bg2 {[%clk 1:31:49]} Bg7 {[%clk 1:31:06]} 4. e4
{[%clk 1:32:12]} d6 {[%clk 1:30:59]} 5. Ne2 {[%clk 1:32:34]} O-O {[%clk 1:30:22]}
6. O-O {[%clk 1:32:58]} e5 {[%clk 1:28:39]} 7. Nbc3 {[%clk 1:32:52]} Nc6
{[%clk 1:23:19]} 8. d5 {[%clk 1:17:08]} Nb8 {[%clk 1:20:52]} 9. h3
{[%clk 1:17:19]} Ne8 {[%clk 1:19:53]} 10. Be3 {[%clk 1:13:32]} f5
{[%clk 1:18:45]} 11. Qd2 {[%clk 1:13:30]} Nf6 {[%clk 1:16:57]} 12. Kh2
{[%clk 1:13:32]} Nh5 {[%clk 1:10:27]} 13. Rae1 {[%clk 1:06:01]} f4
{[%clk 1:09:44]} 14. gxf4 {[%clk 0:53:25]} exf4 {[%clk 1:10:04]} 15. Bd4
{[%clk 0:53:43]} f3 {[%clk 1:09:52]} 16. Bxg7 {[%clk 0:53:21]} Kxg7
{[%clk 1:09:34]} 17. Qd4+ {[%clk 0:50:20]} Kg8 {[%clk 1:09:19]} 18. Ng3
{[%clk 0:50:35]} fxg2 {[%clk 1:09:28]} 19. Nxh5 {[%clk 0:50:45]} gxf1=N+
{[%clk 1:09:10]} 20. Rxf1 {[%clk 0:50:53]} Qh4 {[%clk 1:09:15]} 1-0

[Event "World Chess Olympiad 2018"]
[Site "Batumi"]
[Date "2018.10.05"]
[Round "11"]
[Board "4"]
[WhiteFideId "12300403"]
[White "Rajbhandari Rijendra"]
[BlackFideId "7300239"]
[Black "Lorenzana Wilson Estuardo"]
[Result "0-1"]
[LiveChessVersion "1.4.8"]
[BlackElo "2292"]
[WhiteElo "1937"]

1. d4 {[%clk 1:30:56]} Nf6 {[%clk 1:30:53]} 2. c4 {[%clk 1:31:22]} g6
{[%clk 1:31:16]} 3. g3 {[%clk 1:31:41]} Bg7 {[%clk 1:31:28]} 4. Bg2
{[%clk 1:31:56]} O-O {[%clk 1:31:48]} 5. Nc3 {[%clk 1:32:03]} d6 {[%clk 1:32:14]}
6. Nf3 {[%clk 1:32:16]} Nbd7 {[%clk 1:32:39]} 7. O-O {[%clk 1:32:19]} e5
{[%clk 1:33:05]} 8. e4 {[%clk 1:31:56]} c6 {[%clk 1:33:11]} 9. h3
{[%clk 1:30:53]} exd4 {[%clk 1:33:36]} 10. Nxd4 {[%clk 1:31:12]} Re8
{[%clk 1:33:53]} 11. Be3 {[%clk 1:29:12]} Nc5 {[%clk 1:33:07]} 12. Qc2
{[%clk 1:29:01]} a5 {[%clk 1:33:32]} 13. Rad1 {[%clk 1:27:57]} Nfd7
{[%clk 1:33:52]} 14. Rfe1 {[%clk 1:26:02]} a4 {[%clk 1:33:44]} 15. f4
{[%clk 1:14:11]} Qa5 {[%clk 1:33:47]} 16. Kh2 {[%clk 1:00:18]} Nb6
{[%clk 1:32:13]} 17. Nb1 {[%clk 0:51:09]} Bd7 {[%clk 1:26:41]} 18. Nd2
{[%clk 0:50:18]} Rad8 {[%clk 1:24:46]} 19. Bf2 {[%clk 0:45:04]} Bc8
{[%clk 1:23:36]} 20. N2f3 {[%clk 0:45:10]} Nbd7 {[%clk 1:21:29]} 21. Re2
{[%clk 0:38:01]} Nb8 {[%clk 1:10:25]} 22. g4 {[%clk 0:35:24]} Nba6
{[%clk 1:10:03]} 23. Bh4 {[%clk 0:29:22]} Rd7 {[%clk 1:10:11]} 24. f5
{[%clk 0:29:10]} Qb6 {[%clk 1:07:37]} 25. f6 {[%clk 0:29:03]} Bf8
{[%clk 1:08:02]} 26. Bg3 {[%clk 0:27:15]} Nb4 {[%clk 1:08:26]} 27. Qb1
{[%clk 0:27:33]} Rdd8 {[%clk 1:05:17]} 28. Bf4 {[%clk 0:20:55]} Nd7
{[%clk 1:04:56]} 29. g5 {[%clk 0:18:38]} Ne5 {[%clk 1:02:28]} 30. b3
{[%clk 0:18:33]} Na6 {[%clk 1:01:38]} 31. Be3 {[%clk 0:17:21]} Qc7
{[%clk 1:01:38]} 32. Qc2 {[%clk 0:15:36]} Nc5 {[%clk 1:01:22]} 33. b4
{[%clk 0:14:54]} Nxf3+ {[%clk 0:57:02]} 34. Nxf3 {[%clk 0:09:10]} Nxe4
{[%clk 0:56:01]} 35. Bf4 {[%clk 0:09:31]} Bf5 {[%clk 0:56:27]} 36. Qb2
{[%clk 0:08:01]} Qc8 {[%clk 0:56:00]} 37. Nd4 {[%clk 0:06:53]} d5
{[%clk 0:56:12]} 38. cxd5 {[%clk 0:04:23]} Rxd5 {[%clk 0:56:37]} 39. Rde1
{[%clk 0:04:09]} a3 {[%clk 0:56:53]} 40. Qa1 {[%clk 0:30:35]} Bxb4
{[%clk 1:26:56]} 41. Nxf5 {[%clk 0:30:28]} gxf5 {[%clk 1:18:25]} 42. Rf1
{[%clk 0:29:22]} Qd7 {[%clk 1:15:06]} 43. Qb1 {[%clk 0:29:15]} Rd4
{[%clk 1:14:31]} 44. Qb3 {[%clk 0:26:39]} Nc5 {[%clk 1:11:33]} 45. Qf3
{[%clk 0:24:38]} Rxe2 {[%clk 1:09:46]} 46. Qxe2 {[%clk 0:24:59]} Ne6
{[%clk 1:10:11]} 47. Be3 {[%clk 0:23:47]} Qd6+ {[%clk 1:10:37]} 48. Kh1
{[%clk 0:23:59]} Qe5 {[%clk 1:10:37]} 49. Qf2 {[%clk 0:22:55]} Rd3
{[%clk 1:10:11]} 50. Bc1 {[%clk 0:23:13]} Bd6 {[%clk 1:09:50]} 0-1

[Event "World Chess Olympiad 2018"]
[Site "Batumi"]
[Date "2018.10.05"]
[Round "11"]
[Board "1"]
[WhiteFideId "9916148"]
[White "Piyumantha M Sasith Nipun"]
[BlackFideId "9400346"]
[Black "Al Qudaimi Basheer"]
[Result "0-1"]
[LiveChessVersion "1.4.8"]
[BlackElo "2419"]
[WhiteElo "2139"]

1. d4 {[%clk 1:30:30]} Nf6 {[%clk 1:30:21]} 2. c4 {[%clk 1:31:17]} e6
{[%clk 1:30:35]} 3. Nf3 {[%clk 1:31:32]} c5 {[%clk 1:30:14]} 4. d5
{[%clk 1:31:50]} b5 {[%clk 1:30:28]} 5. e4 {[%clk 1:31:25]} Nxe4 {[%clk 1:27:50]}
6. Bd3 {[%clk 1:27:32]} Nd6 {[%clk 1:28:13]} 7. dxe6 {[%clk 1:21:48]} dxe6
{[%clk 1:25:00]} 8. cxb5 {[%clk 1:21:56]} Be7 {[%clk 1:21:52]} 9. O-O
{[%clk 1:18:56]} a6 {[%clk 1:19:08]} 10. Qc2 {[%clk 1:09:14]} Nxb5
{[%clk 1:14:44]} 11. Bxh7 {[%clk 1:06:20]} Nc6 {[%clk 1:14:07]} 12. Be4
{[%clk 1:03:50]} Ncd4 {[%clk 1:09:46]} 13. Qd3 {[%clk 0:56:39]} Ra7
{[%clk 1:01:15]} 14. Nxd4 {[%clk 0:49:55]} Nxd4 {[%clk 1:01:29]} 15. g3
{[%clk 0:45:41]} a5 {[%clk 0:59:04]} 16. Na3 {[%clk 0:41:29]} Ba6
{[%clk 0:55:57]} 17. Nc4 {[%clk 0:41:58]} f5 {[%clk 0:55:17]} 18. Bg2
{[%clk 0:42:20]} e5 {[%clk 0:55:19]} 19. b3 {[%clk 0:36:39]} e4 {[%clk 0:55:14]}
20. Qd1 {[%clk 0:37:04]} Rd7 {[%clk 0:54:24]} 21. Bd2 {[%clk 0:36:03]} Nc6
{[%clk 0:52:05]} 22. Bxe4 {[%clk 0:14:21]} fxe4 {[%clk 0:50:33]} 23. Qg4
{[%clk 0:12:49]} Bxc4 {[%clk 0:41:23]} 24. bxc4 {[%clk 0:13:10]} Rxd2
{[%clk 0:38:25]} 25. Qg6+ {[%clk 0:13:13]} Kd7 {[%clk 0:38:28]} 26. Qxe4
{[%clk 0:11:56]} Kc7 {[%clk 0:38:07]} 27. Rab1 {[%clk 0:12:15]} Qd4
{[%clk 0:37:15]} 28. Qe6 {[%clk 0:12:35]} Rh6 {[%clk 0:36:56]} 29. Qg8
{[%clk 0:12:41]} Rf6 {[%clk 0:36:23]} 0-1

[Event "World Chess Olympiad 2018"]
[Site "Batumi"]
[Date "2018.10.05"]
[Round "11"]
[Board "2"]
[WhiteFideId "9400249"]
[White "Al-Zendani Zendan"]
[BlackFideId "9912053"]
[Black "Thilakarathne G M H"]
[Result "1-0"]
[LiveChessVersion "1.4.8"]
[BlackElo "2238"]
[WhiteElo "2301"]

1. e4 {[%clk 1:30:58]} c5 {[%clk 1:30:53]} 2. Nf3 {[%clk 1:31:08]} d6
{[%clk 1:31:16]} 3. d4 {[%clk 1:31:13]} cxd4 {[%clk 1:31:41]} 4. Nxd4
{[%clk 1:31:39]} Nf6 {[%clk 1:32:00]} 5. Nc3 {[%clk 1:32:02]} a6 {[%clk 1:32:25]}
6. g3 {[%clk 1:31:34]} e5 {[%clk 1:29:52]} 7. Nde2 {[%clk 1:28:39]} b5
{[%clk 1:21:37]} 8. Bg2 {[%clk 1:26:52]} Bb7 {[%clk 1:20:48]} 9. O-O
{[%clk 1:25:56]} Nbd7 {[%clk 1:20:44]} 10. h3 {[%clk 1:19:04]} h5
{[%clk 1:14:06]} 11. Bg5 {[%clk 1:10:42]} Be7 {[%clk 1:13:54]} 12. a3
{[%clk 1:10:16]} Rc8 {[%clk 1:10:39]} 13. Qd2 {[%clk 0:59:10]} Rc4
{[%clk 0:56:00]} 14. Rfd1 {[%clk 0:30:18]} Qa8 {[%clk 0:46:18]} 15. Nd5
{[%clk 0:26:36]} Nxd5 {[%clk 0:42:27]} 16. exd5 {[%clk 0:26:17]} Qd8
{[%clk 0:37:48]} 17. Bxe7 {[%clk 0:25:53]} Qxe7 {[%clk 0:38:09]} 18. b3
{[%clk 0:25:28]} Rc5 {[%clk 0:32:43]} 19. a4 {[%clk 0:24:20]} O-O
{[%clk 0:30:36]} 20. axb5 {[%clk 0:24:37]} axb5 {[%clk 0:30:08]} 21. Ra7
{[%clk 0:16:14]} Nf6 {[%clk 0:28:23]} 22. Qa5 {[%clk 0:11:13]} Rfc8
{[%clk 0:17:12]} 23. c3 {[%clk 0:08:38]} Qc7 {[%clk 0:10:03]} 24. b4
{[%clk 0:07:54]} Qxa5 {[%clk 0:09:50]} 25. Rxa5 {[%clk 0:08:08]} Rxd5
{[%clk 0:08:32]} 26. Bxd5 {[%clk 0:08:07]} Bxd5 {[%clk 0:08:57]} 27. Rda1
{[%clk 0:00:59]} Ne4 {[%clk 0:08:12]} 28. R1a3 {[%clk 0:00:51]} Nd2
{[%clk 0:01:32]} 29. Ra6 {[%clk 0:01:10]} Bf3 {[%clk 0:01:29]} 30. Ra2
{[%clk 0:00:49]} Nb1 {[%clk 0:01:05]} 31. Ra1 {[%clk 0:00:58]} Nxc3
{[%clk 0:00:49]} 32. Nxc3 {[%clk 0:00:58]} Rxc3 {[%clk 0:01:17]} 33. R6a3
{[%clk 0:00:36]} Rxa3 {[%clk 0:01:33]} 34. Rxa3 {[%clk 0:01:03]} Be2
{[%clk 0:01:46]} 35. Ra8+ {[%clk 0:01:24]} Kh7 {[%clk 0:02:11]} 36. Rd8
{[%clk 0:01:49]} Kg6 {[%clk 0:02:25]} 37. Rxd6+ {[%clk 0:02:16]} Kf5
{[%clk 0:02:50]} 38. Rd2 {[%clk 0:01:52]} Bc4 {[%clk 0:03:07]} 39. f3
{[%clk 0:02:19]} h4 {[%clk 0:03:20]} 40. gxh4 {[%clk 0:32:28]} Kf4
{[%clk 0:33:40]} 41. Kf2 {[%clk 0:32:18]} g6 {[%clk 0:33:46]} 42. Rd6
{[%clk 0:31:31]} Be6 {[%clk 0:32:04]} 43. Rb6 {[%clk 0:31:40]} Bc4
{[%clk 0:32:25]} 44. Rf6# {[%clk 0:32:05]} 1-0

[Event "World Chess Olympiad 2018"]
[Site "Batumi"]
[Date "2018.10.05"]
[Round "11"]
[Board "3"]
[WhiteFideId "9910760"]
[White "Doluweera Minul Sanjula"]
[BlackFideId "9400176"]
[Black "Al Badani Abdu"]
[Result "0-1"]
[LiveChessVersion "1.4.8"]
[BlackElo "2195"]
[WhiteElo "2171"]

1. d4 {[%clk 1:30:57]} d5 {[%clk 1:30:47]} 2. c4 {[%clk 1:31:04]} e6
{[%clk 1:22:28]} 3. Nc3 {[%clk 1:31:26]} Nf6 {[%clk 1:21:54]} 4. Nf3
{[%clk 1:31:50]} Be7 {[%clk 1:22:03]} 5. Bf4 {[%clk 1:32:15]} O-O
{[%clk 1:22:17]} 6. e3 {[%clk 1:32:40]} c5 {[%clk 1:21:18]} 7. dxc5
{[%clk 1:32:53]} Bxc5 {[%clk 1:20:22]} 8. a3 {[%clk 1:31:12]} Nc6
{[%clk 1:19:47]} 9. Qc2 {[%clk 1:31:37]} Re8 {[%clk 1:13:54]} 10. Rd1
{[%clk 1:28:29]} e5 {[%clk 1:12:44]} 11. Bg5 {[%clk 1:27:00]} d4 {[%clk 1:12:54]}
12. Nd5 {[%clk 1:25:56]} Be7 {[%clk 1:09:28]} 13. Bxf6 {[%clk 1:19:55]} Bxf6
{[%clk 1:08:02]} 14. Bd3 {[%clk 1:18:59]} g6 {[%clk 0:57:56]} 15. O-O
{[%clk 0:43:59]} Bg7 {[%clk 0:58:08]} 16. e4 {[%clk 0:43:00]} Bg4
{[%clk 0:52:28]} 17. Be2 {[%clk 0:43:06]} Rc8 {[%clk 0:52:40]} 18. b4
{[%clk 0:39:35]} Be6 {[%clk 0:48:24]} 19. Qb3 {[%clk 0:32:34]} f5
{[%clk 0:45:36]} 20. Nd2 {[%clk 0:31:05]} Ne7 {[%clk 0:42:50]} 21. Bf3
{[%clk 0:25:45]} Qd7 {[%clk 0:41:14]} 22. Rc1 {[%clk 0:17:50]} Kh8
{[%clk 0:40:32]} 23. Rc2 {[%clk 0:16:48]} b5 {[%clk 0:38:06]} 24. Nxe7
{[%clk 0:11:26]} Qxe7 {[%clk 0:32:55]} 25. Qd3 {[%clk 0:08:14]} bxc4
{[%clk 0:16:48]} 26. Nxc4 {[%clk 0:08:43]} Rc7 {[%clk 0:16:48]} 27. Rfc1
{[%clk 0:08:09]} Bh6 {[%clk 0:15:19]} 28. Nd2 {[%clk 0:08:35]} Rec8
{[%clk 0:15:26]} 29. g3 {[%clk 0:08:24]} Rc3 {[%clk 0:10:36]} 30. Rxc3
{[%clk 0:06:03]} dxc3 {[%clk 0:10:57]} 31. Rxc3 {[%clk 0:05:12]} Rd8
{[%clk 0:11:17]} 32. Qb5 {[%clk 0:05:31]} Bxd2 {[%clk 0:09:44]} 33. Rc5
{[%clk 0:04:22]} fxe4 {[%clk 0:08:59]} 34. Bxe4 {[%clk 0:04:41]} Bh3
{[%clk 0:07:33]} 35. Rxe5 {[%clk 0:02:06]} Bc3 {[%clk 0:05:19]} 36. Rd5
{[%clk 0:01:59]} Re8 {[%clk 0:05:21]} 37. f3 {[%clk 0:02:04]} Rf8
{[%clk 0:04:35]} 38. Qd3 {[%clk 0:02:14]} Bb2 {[%clk 0:04:01]} 39. g4
{[%clk 0:01:54]} Qc7 {[%clk 0:02:23]} 40. Rc5 {[%clk 0:31:18]} Qf4
{[%clk 0:32:26]} 41. Rc2 {[%clk 0:25:10]} Be5 {[%clk 0:31:36]} 42. a4
{[%clk 0:25:10]} h5 {[%clk 0:31:44]} 43. Bxg6 {[%clk 0:18:10]} hxg4
{[%clk 0:30:23]} 44. Qd2 {[%clk 0:18:08]} Bd4+ {[%clk 0:30:18]} 45. Kh1
{[%clk 0:18:12]} Qxf3+ {[%clk 0:30:25]} 0-1